000 00490nam a2200169Ia 4500
003 OSt
005 20200915120440.0
008 190216s9999||||xx |||||||||||||| ||und||
020 _a8170228271
040 _coclc
082 _a907.2
_bSHA/R
100 _aSharma, Tej Ram
_93661
245 0 _aResearch Methodology In History /
_cTej Ram Sharma
260 _bConcept Publishing,
_aNew Delhi:
_c2001.
300 _a164p
942 _cBK
_2ddc
_h907.2
_iSHA/R
_k907.2
_mSHA/R
999 _c21084
_d21084